000 00273nam a22001217a 4500
008 171222b xxu||||| |||| 00| 0 eng d
041 _aeng
080 _a94
100 _a16
101 _aHIS
245 _aGONA SIT AT THE WELCOME TABLR
_cBOND.J
942 _2udc
_cBK
999 _c39350
_d39350